Normal view
MARC view
Entry Personal Name
001 - CONTROL NUMBER
- control field: 57804
003 - CONTROL NUMBER IDENTIFIER
- control field: dpl
005 - DATE AND TIME OF LATEST TRANSACTION
- control field: 20231013110012.0
008 - FIXED-LENGTH DATA ELEMENTS
- fixed length control field: 231013|| aca||aabn | a|a d
040 ## - CATALOGING SOURCE
- Original cataloging agency: dpl
- Transcribing agency: dpl
100 ## - HEADING--PERSONAL NAME
- Personal name: Khaira,Surjeet Singh
670 ## - SOURCE DATA FOUND
- Source citation: Work cat.: (dpl)197699: Khaira,Surjeet Singh, Good Earth Keeping;A Practical Guide of Eco-Friendly Tips/, 2010
